The economic value of non-timber forest products in Southeast Asia / (Registro nro. 2608)

Detalles MARC
000 -CABECERA
Campo de control 00947cam a2200253 i 4500
005 - FECHA Y HORA DE LA ULTIMA TRANSACCION
Campo de control 20160130115748.0
008 - ELEMENTOS DE LONGITUD FIJA—INFORMACION GENERAL
Campo de control 970908s1996 ne ab b i000 0 eng d
020 ## - ISBN
ISBN 9075909012
040 ## - FUENTE DE CATALOGACIÓN
Agencia catalogadora original BOH
Agencia transcriptora BOH
Agencia Modificadora DLC
-- CO-BoIAVH
041 ## - IDIOMA
Código de idioma para texto/pista de sonido o título separado Inglés
042 ## - AUTHENTICATION CODE
Authentication code lccopycat
043 ## - GEOGRAPHIC AREA CODE
Geographic area code as-----
082 04 - NUMERO DE CLASIFICACION DECIMAL DEWEY
Número de clasificación 338.17498
Número del ítem B41e
100 1# - ASIENTO PRINCIPAL--NOMBRE PERSONAL
Nombre personal Beer, Jenne H. de.
9 (RLIN) 55695
245 14 - MENCION DE TITULO
Título The economic value of non-timber forest products in Southeast Asia /
Mención de responsabilidad Jenne H. de Beer, Melanie J. McDermott ; editor to the second edition, Jenne H. de Beer.
250 ## - MENCION DE EDICION
Mención de edición Segunsda edición revisada
260 ## - PUBLICACION, DISTRIBUCION, ETC. (PIE DE IMPRENTA)
Lugar de publicación, distribución, etc. Amsterdam :
Nombre del editor, distribuidor, etc. Netherlands Committee for IUCN,
Fecha de publicación, distribución, etc. 1996.
300 ## - DESCRIPCION FISICA
Extensión 197 páginas :
Otros detalles físicos ilustraciones y mapas ;
Dimensiones 30 cm.
650 14 - ASIENTO SECUNDARIO DE MATERIA - TERMINO TEMATICO
Término temático o nombre geográfico como elemento de entrada Productos forestales
Subdivisión geográfica Asia
9 (RLIN) 55696
650 24 - ASIENTO SECUNDARIO DE MATERIA - TERMINO TEMATICO
Término temático o nombre geográfico como elemento de entrada Productos forestales
Subdivisión general Aspectos económicos
Subdivisión geográfica Asia
9 (RLIN) 55697
650 24 - ASIENTO SECUNDARIO DE MATERIA - TERMINO TEMATICO
Término temático o nombre geográfico como elemento de entrada Industria forestal
Subdivisión geográfica Asia
9 (RLIN) 55698
700 1# - ASIENTO SECUNDARIO - NOMBRE PERSONAL
Nombre personal McDermott, Melanie J.
Término de relación autor.
9 (RLIN) 16729
942 ## - ELEMENTOS ADICIONALES (KOHA)
Sistema de clasificación Dewey Decimal Classification
Tipo de ítem Libro
Existencias
Withdrawn status Lost status Sistema de Clasificación Damaged status No para préstamo Colección Inventariado Ubicación Permanente Ubicación actual Fecha de adquisición Fuente de Valor Valor Total Checkouts Número topográfico Inventario / Código de Barras Date last seen Ejemplar Price effective from Forma de adquisición Tipo de material
    Dewey Decimal Classification     General Inventariado 2017 Bogotá Bogotá 22/05/2002 Instituto 39000.00   LB-338.17498 B41e 003194 04/12/2012 Ej. 1 04/12/2012   Libro